Štúdium katalyzovanej kondenzácie etanolu s acetaldehydom bakalárska práca

Salvato in:
Dettagli Bibliografici
Autore principale: Lejková, Dagmara
Natura: Libro
Lingua:slovacco
Pubblicazione: Bratislava STU FCHPT 2019
Accesso online:Visualizza in OPAC
Tags: Aggiungi Tag
Nessun Tag, puoi essere il primo ad aggiungerne!!

MARC

LEADER 00000nam a2200000 a 4500
005 20260127134417.0
008 191011 2019 xo a 001 0 slo d
035 |a vtls011893154 
039 9 |y 201910111058  |z mschk03 
040 |a STUSCHK1  |b slo  |c STUSCHK1  |e AACR2 
100 1 |a Lejková, Dagmara 
245 1 |a Štúdium katalyzovanej kondenzácie etanolu s acetaldehydom  |b bakalárska práca  |c Dagmara Lejková 
260 |a Bratislava  |b STU FCHPT  |c 2019 
300 |a 57 s. Tab. ňc 25 cm 
500 |a Študijný program: chémia, medicínska chémia a chemické materiály 
500 |a Študijný odbor: chémia, chemické technológie 
500 |a Školiace pracovisko: Oddelenie organickej technológie, katalýzy a ropy 
500 |a Evid. číslo: FCHPT-13569-86725 
910 |a SCHK95 
999 |c 12136  |d 12136